000 nam a22 a 4500
999 _c431247
_d431247
003 BLK
005 20210908131306.0
008 210326b bu |||||r|||| 00| | bu d
040 _aBLK
041 _aBUL
_cBUL
080 _aСредновековна и нова обща история
_b94
_z94
100 _9324856
_aДобролюбов, Николай Александрович
_eпърви автор
139 _aДобролюбов, Николай Александрович
245 _aОтец Александър Гаваци и неговите проповеди
_bНиколай Александрович Добролюбов ; прев. от рус.Ж. Сапунджиев
260 _aРазград
_c1889
_9215549
_bСимеон Икономов
300 _a59 с.
_c20 см
380 _a9
490 _9435080
_aКолекция Редки и ценни издания
600 0 _9464040
_aГаваци, Александър, отец
700 _91121
_aСапунджиев, Ж.
_eпрев. от рус.
852 _aРб 889
_bРц
942 _cKNG
_n0
_s1
944 _aCR
_c2021-09-08
_kНр
999 _d403038